Statistics for management and economics: a systematic approach. (2nd ed.) (Record no. 76804)

MARC details
000 -LEADER
fixed length control field 00894nam a2200217 a 4500
008 - FIXED-LENGTH DATA ELEMENTS--GENERAL INFORMATION
fixed length control field 120416s1990 ||||||||||||||||| || u
020 ## - INTERNATIONAL STANDARD BOOK NUMBER
International Standard Book Number 0534126782
050 ## - LIBRARY OF CONGRESS CALL NUMBER
Classification number HA 29 Kel
100 ## - MAIN ENTRY--PERSONAL NAME
Personal name Bartel, Henry
245 10 - TITLE STATEMENT
Title Statistics for management and economics: a systematic approach. (2nd ed.)
250 ## - EDITION STATEMENT
Edition statement 2nd ed.
260 ## - PUBLICATION, DISTRIBUTION, ETC.
Place of publication, distribution, etc. Belmont
Name of publisher, distributor, etc. Wadsworth Publishing Company
Date of publication, distribution, etc. 1990
300 ## - PHYSICAL DESCRIPTION
Extent xxiv, 1050p. in various p : ill.
350 ## -
-- 0.00
650 #0 - SUBJECT ADDED ENTRY--TOPICAL TERM
Topical term or geographic name entry element ECONOMICS--STATISTICAL METHODS
650 #3 - SUBJECT ADDED ENTRY--TOPICAL TERM
Topical term or geographic name entry element P0PULATION STATISTICS
650 ## - SUBJECT ADDED ENTRY--TOPICAL TERM
Topical term or geographic name entry element MANAGEMENT--STATISTICAL METHODS
700 ## - ADDED ENTRY--PERSONAL NAME
Personal name Keller, Gerald
995 ## -
-- MAIN LIBRARY OPEN ACCESS
-- 0.00
-- 001497
-- CBU-MAIN LIBRARY (Kitwe)
-- 1
-- 19.95
-- HA 29 Kel
-- 1
-- LOST
-- 001497
-- Main Library Open Access Collection
995 ## -
-- SHORT LOAN BOOKS
-- 0.00
-- 724794
-- CBU-MAIN LIBRARY (Kitwe)
-- 2
-- 19.95
-- HA 29 Kel
-- 2
-- AVAILABLE
-- 019025
-- Short Loan Collection
999 ## -
-- 76804
-- 76804
Holdings
Withdrawn status Lost status Source of classification or shelving scheme Damaged status Not for loan Permanent Location Current Location Shelving location Date acquired Total Checkouts Full call number Barcode Date last seen Copy number Price effective from Koha item type
          CBU-MAIN LIBRARY, KITWE. CBU-MAIN LIBRARY, KITWE.   04/25/2023   HA 29 Kel 001497 04/25/2023 1 04/25/2023 MONOGRAPH
          CBU-MAIN LIBRARY, KITWE. CBU-MAIN LIBRARY, KITWE.   04/25/2023   HA 29 Kel 019025 04/25/2023 2 04/25/2023 SHORT LOAN COLLECTION